Welcome to the Holygrace Academy Library

Please use search bar below to get started

COLLINS PRIMARY ILLUSTRATED DICTIONARY (Record no. 2146)

MARC details
000 -LEADER
fixed length control field 00359nam a22001457a 4500
020 ## - INTERNATIONAL STANDARD BOOK NUMBER
ISBN 978-93-5136-229-6
082 ## - DEWEY DECIMAL CLASSIFICATION NUMBER
Classification number 030
Item number COL/P
100 ## - MAIN ENTRY--AUTHOR NAME
Personal name COLLINS
245 ## - TITLE STATEMENT
Title COLLINS PRIMARY ILLUSTRATED DICTIONARY
250 ## - EDITION STATEMENT
Edition statement SECOND EDITION
260 ## - PUBLICATION, DISTRIBUTION, ETC. (IMPRINT)
Place of publication UNITED KINGDOM
Name of publisher HARPER COLLINS
Year of publication 2015
300 ## - PHYSICAL DESCRIPTION
Number of Pages 482
650 ## - SUBJECT ADDED ENTRY--TOPICAL TERM
Topical Term DICTIONARY
Geographic subdivision UNITED KINGDOM
942 ## - ADDED ENTRY ELEMENTS (KOHA)
Koha item type Books
Holdings
Withdrawn status Lost status Collection code Home library Current library Shelving location Date acquired Source of acquisition Cost, normal purchase price Full call number Accession Number Koha item type
    Reference Main Library Main Library SHELF 1 G -DICTIONARY,THEASAURUS 28/11/2019 purchase 299.00 030 COL/P 12121 Books